Imperatori dell'impero romano d'oriente / impero bizantino - Statistics

Statistiche generali
  • Questo quiz è stato fatto 112 volte
  • Il punteggio medio è 15 su 95
Statistiche sulle risposte
Hint Risposta % Corretto
337-340 Costantino II
67%
527-565 Giustiniano I
54%
641 Costantino III
53%
395-408 Arcadio
51%
668-685 Costantino IV
49%
457-474 Leone I
46%
379-395 Teodosio I
46%
408-450 Teodosio II
46%
685-695 Giustiniano II
44%
518-527 Giustino I
44%
337-350 Costante
42%
610-641 Eraclio
42%
474 Leone II
42%
565-578 Giustino II
40%
780-797 Costantino VI
35%
944-959 Costantino VII
35%
1025-1028 Costantino VIII
35%
474-491 Zenone
35%
602-610 Foca
30%
364-378 Valente
30%
306-337 Costantino I il Grande
26%
361-363 Giuliano
26%
337-361 Costanzo II
25%
641-668 Costanzo II
25%
491-518 Anastasio I
21%
475-476 Basilisco
21%
375-383 Graziano
21%
582-602 Maurizio
21%
715-717 Teodosio III
21%
578-582 Tiberio II
21%
364-375 Valentiniano I
19%
383-392 Valentiniano II
19%
450-457 Marciano
18%
1042/1055-1056 Teodora
16%
1180-1183 Alessio II
14%
363-364 Gioviano
14%
717-741 Leone III Isaurico
14%
959-963 Romano II
14%
698-705 Tiberio III
12%
1081-1118 Alessio I Comneno
11%
1203-1204 Alessio IV
11%
1448-1453 Costantino XI Paleologo
11%
1259-1282 Michele VIII Paleologo
11%
802-811 Niceforo I
11%
1042 Zoe
11%
976-1025 Basilio II Bulgaroctono
9%
641 Eracleona
9%
886-912 Leone VI
9%
920-944 Romano I Lecapeno
9%
912-913 Alessandro
7%
713-715 Anastasio II
7%
1183-1185 Andronico I
5%
867-886 Basilio I Macedone
5%
741-775 Costantino V Copronimo
5%
913-959 Costantino VII Porfirogenito
5%
1425-1448 Giovanni VIII Paleologo
5%
797-802 Irene d'Atene
5%
695-698 Leonzio
5%
1143-1180 Manuele I Comneno
5%
1391-1425 Manuele II Paleologo
5%
963-969 Niceforo II Foca
5%
1068-1071 Romano IV Diogene
5%
829-842 Teofilo
5%
1328-1341 Andronico III Paleologo
4%
1282-1328 Andronico II Paleologo
4%
742 Artavasde
4%
1042-1055 Costantino IX Monomaco
4%
1059-1067 Costantino X Ducas
4%
711-713 Filippico Bardanes
4%
969-976 Giovanni I Zimisce
4%
1390 Giovanni VII Paleologo
4%
1341-1391 Giovanni V Paleologo
4%
1203-1204 Isacco II
4%
842-867 Michele III l'Ubriaco
4%
1195-1203 Alessio III Angelo
2%
1347-1354 Giovanni VI Cantacuzeno
2%
1185-1195 Isacco II Angelo
2%
813-820 Leone V l'Armeno
2%
1028-1034 Romano III Argiro
2%
811 Stauracio
2%
1254-1258 Teodoro II Lascaris
2%
1204 Alessio V Murzulfo
0%
1222-1254 Giovanni III Ducas Vatatze
0%
1118-1143 Giovanni II il Bello
0%
1258-1261 Giovanni IV Lascaris
0%
705-711 Giustiniano II Rinotmeto
0%
1057-1059 Isacco I Comneno
0%
775-780 Leone IV il Cazaro
0%
820-829 Michele II il Balbo
0%
811-813 Michele I Rangabe
0%
1034-1041 Michele IV il Paflagone
0%
1071-1078 Michele VII Ducas
0%
1041-1042 Michele V il Calafato
0%
1056-1057 Michele VI Stratiotico
0%
1078-1081 Niceforo III Botaniate
0%
Nessun quiz corrispondente trovato
Distribuzione punteggi
Percentuale di utenti per punteggio
Percentile per numero di risposta
I tuoi punteggi nel tempo
Non hai fatto questo quiz